| 000 | 00352cam a22001097a 4500 | ||
|---|---|---|---|
| 008 | 180718b1976 xxu||||| |||| 00| 0 eng d | ||
| 082 | _aR11x5452 K45pr | ||
| 100 | _aBureau of Economics and Statistics | ||
| 245 |
_aPlanning for employment in Kerala _cby Bureau of Economics and Statistics |
||
| 260 |
_aTrivandrum _bGovernment Press _c1976 |
||
| 300 | _a147p | ||
| 999 |
_c495568 _d495568 |
||